[Event "Mechanics' Summer TNM; G/2 d/5"]
[Site "San Francisco"]
[Date "2018.06.12"]
[Round "3.36"]
[White "Thibault, William"]
[Black "Huberts, Alexander"]
[Result "0-1"]
[WhiteElo "1405"]
[BlackElo "1694"]
[PlyCount "63"]
[EventDate "2018.??.??"]
[Source "ChessBase"]
[SourceDate "2007.09.04"]

1. d4 Nf6 2. c4 c5 3. d5 e6 4. Nc3 exd5 5. cxd5 d6 6. e4 g6 7. h3 Bg7 8. Be3
O-O 9. f3 Na6 10. a3 Rb8 11. Qd2 Nc7 12. a4 Re8 13. Bd3 a6 14. a5 Bd7 15. Qe2
Nh5 16. Bf2 Nf4 17. Qd2 Bxc3 18. bxc3 Nfxd5 19. Ne2 Ne7 20. g4 Nc6 21. Qh6 Ne5
22. Kf1 Nxd3 23. h4 Qf6 24. Kg2 Nxf2 25. g5 Qg7 26. Qxg7+ Kxg7 27. Kxf2 Bc6 28.
h5 Re5 29. Rag1 Ne6 30. f4 Rxe4 31. Rh4 Re8 32. Kg3 0-1

[Event "Mechanics' Shipman TNM; G/2 d/5"]
[Site "San Francisco"]
[Date "2018.08.28"]
[Round "4.43"]
[White "Thibault, William"]
[Black "Nassif, Wassim"]
[Result "1-0"]
[WhiteElo "1294"]
[BlackElo "1151"]
[PlyCount "119"]
[EventDate "2018.??.??"]
[Source "ChessBase"]
[SourceDate "2007.09.04"]

1. d4 d5 2. c4 e6 3. Nc3 Nf6 4. Bg5 Be7 5. Nf3 h6 6. Bh4 Nc6 7. e3 a6 8. a3 Na5
9. Ne5 Nd7 10. Bxe7 Qxe7 11. Nxd7 Qxd7 12. cxd5 exd5 13. Be2 O-O 14. O-O Nc6
15. Bg4 Qxg4 16. Qxg4 Bxg4 17. Nxd5 Rac8 18. Rac1 Be6 19. Nf4 Bd7 20. Rfd1 Na5
21. Rc3 Ba4 22. Rdd3 Bb5 23. Rd1 Bc4 24. b4 Bb3 25. Rdc1 Ba4 26. bxa5 c6 27.
Nd3 Rc7 28. d5 Rfc8 29. d6 Rd7 30. Nc5 Rxd6 31. Nxa4 Rcd8 32. h3 Rd3 33. Rxd3
Rxd3 34. Rc3 Rd1+ 35. Kh2 Rd2 36. Kg3 g5 37. Nc5 Rb2 38. Rb3 Rxb3 39. Nxb3 Kf8
40. Nc5 Ke7 41. Nxb7 Kd7 42. Nc5+ Kd6 43. Nxa6 c5 44. Nxc5 Kxc5 45. f4 Kb5 46.
f5 Kxa5 47. e4 Ka4 48. e5 Kxa3 49. e6 f6 50. e7 h5 51. e8=Q h4+ 52. Kf3 Kb2 53.
Qc8 Kb3 54. Ke3 Kb4 55. Kd4 Kb5 56. Kd5 Kb4 57. Qc4+ Ka3 58. Qb5 Ka2 59. Kc4
Ka1 60. Kc3 1-0

[Event "Mechanics' Summer TNM; G/2 d/5"]
[Site "San Francisco"]
[Date "2018.06.19"]
[Round "4.44"]
[White "Thibault, William"]
[Black "Simpkins, Jerry"]
[Result "0-1"]
[WhiteElo "1405"]
[BlackElo "1588"]
[PlyCount "92"]
[EventDate "2018.??.??"]
[Source "ChessBase"]
[SourceDate "2007.09.04"]

1. d4 e5 2. dxe5 Nc6 3. Nf3 Qe7 4. Nc3 Nxe5 5. e4 Nf6 6. Bg5 Nxf3+ 7. Qxf3 Qe5
8. Bxf6 gxf6 9. Nd5 Bg7 10. Bc4 c6 11. Ne3 d6 12. O-O Be6 13. Rad1 O-O-O 14.
Rfe1 h5 15. Nf5 Bh6 16. Bxe6+ fxe6 17. Nxh6 Rxh6 18. g3 Qxb2 19. Rd2 Rg6 20.
Qf4 Qxa2 21. Rxd6 Rxd6 22. Qxd6 h4 23. Rd1 Rg8 24. Qd7+ Kb8 25. Qe7 Qxc2 26.
Rd7 Qb1+ 27. Kg2 h3+ 28. Kf3 Qb3+ 29. Ke2 a5 30. Rd8+ Rxd8 31. Qxd8+ Ka7 32.
Qxa5+ Kb8 33. Qd8+ Ka7 34. Qxf6 Qc2+ 35. Ke3 Qc1+ 36. Ke2 Qc4+ 37. Ke3 b5 38.
g4 b4 39. g5 b3 40. g6 Qc1+ 41. Kf3 b2 42. g7 Qh1+ 43. Ke3 b1=Q 44. Qd4+ Kb7
45. g8=Q Qb3+ 46. Kd2 Qhd1# 0-1

[Event "Mechanics' Shipman TNM; G/2 d/5"]
[Site "San Francisco"]
[Date "2018.09.04"]
[Round "5.38"]
[White "Thibault, William"]
[Black "Starr, Albert Mart"]
[Result "0-1"]
[WhiteElo "1294"]
[BlackElo "1502"]
[PlyCount "86"]
[EventDate "2018.??.??"]
[Source "ChessBase"]
[SourceDate "2007.09.04"]

1. d4 f5 2. c4 g6 3. g3 Nf6 4. Nf3 Bg7 5. Bg2 d6 6. b4 O-O 7. Nc3 c6 8. O-O h6
9. Bb2 Be6 10. d5 cxd5 11. Nd4 Bf7 12. cxd5 Qc8 13. Qd2 Na6 14. a3 Nc7 15. Rac1
Qd7 16. Nc2 Rab8 17. Ne3 Kh7 18. Rfd1 b6 19. a4 Nfe8 20. f4 Bxc3 21. Qxc3 Qxa4
22. Ra1 Qd7 23. Rxa7 Qd8 24. Rxc7 Qxc7 25. Nc4 b5 26. Na5 Qxc3 27. Bxc3 Nf6 28.
Nc6 Rbe8 29. h3 Ne4 30. Bb2 Nxg3 31. Kf2 Ne4+ 32. Bxe4 fxe4 33. Ke3 e6 34. Kxe4
exd5+ 35. Kf3 Re4 36. e3 Bg8 37. Rd4 Rxd4 38. Nxd4 Rb8 39. f5 gxf5 40. Nxf5 Rf8
41. e4 Be6 42. Kf4 dxe4 43. Kxe4 Bxf5+ 0-1

[Event "Mechanics' Shipman TNM; G/2 d/5"]
[Site "San Francisco"]
[Date "2018.09.25"]
[Round "8.32"]
[White "Thibault, William"]
[Black "Yamamoto, Craig"]
[Result "0-1"]
[WhiteElo "1202"]
[BlackElo "1500"]
[PlyCount "98"]
[EventDate "2018.??.??"]
[Source "ChessBase"]
[SourceDate "2007.09.04"]

1. d4 d5 2. c4 c6 3. Nf3 Nf6 4. Bg5 Ne4 5. Bf4 Nd7 6. cxd5 cxd5 7. Nc3 Nxc3 8.
bxc3 Nf6 9. Rc1 Qa5 10. a4 Bd7 11. Qd3 Qxa4 12. e3 a6 13. Be2 Bb5 14. Qc2 Qa5
15. O-O Bxe2 16. Qxe2 b5 17. Ra1 Qb6 18. Rfb1 Ra7 19. c4 b4 20. c5 Qb7 21. Ra5
Ne4 22. Ra3 a5 23. Nd2 Qa8 24. Nxe4 dxe4 25. Qb5+ Kd8 26. c6 f6 27. Qb8+ Qxb8
28. Bxb8 bxa3 29. Bxa7 Kc7 30. d5 e6 31. Rb5 exd5 32. Rxa5 Kxc6 33. Bd4 Bd6 34.
Ba1 Rb8 35. Ra6+ Rb6 36. Rxb6+ Kxb6 37. Bd4+ Kb5 38. Kf1 Be5 39. Ba7 a2 40. Ke2
a1=Q 41. Bd4 Bxd4 42. exd4 Qxd4 43. f4 Qd3+ 44. Kf2 e3+ 45. Kg3 e2+ 46. Kg4
e1=Q 47. g3 Qee2+ 48. Kh3 Qf5+ 49. Kh4 Qeh5# 0-1

[Event "Mechanics' Summer TNM; G/2 d/5"]
[Site "San Francisco"]
[Date "2018.07.17"]
[Round "8.42"]
[White "Thibault, William"]
[Black "Yu, Prescott"]
[Result "0-1"]
[WhiteElo "1405"]
[BlackElo "1189"]
[PlyCount "80"]
[EventDate "2018.??.??"]
[Source "ChessBase"]
[SourceDate "2007.09.04"]

1. d4 Nf6 2. c4 e6 3. Nc3 Bb4 4. Qc2 O-O 5. Bg5 d5 6. e3 b6 7. Nf3 Ba6 8. Be2
Nbd7 9. O-O dxc4 10. e4 Be7 11. e5 Nd5 12. Nxd5 Bxg5 13. Ne3 c5 14. Rad1 Be7
15. Bxc4 Bxc4 16. Nxc4 Qc7 17. d5 exd5 18. Rxd5 Rfd8 19. Rfd1 f6 20. g3 fxe5
21. Nfxe5 Nxe5 22. Nxe5 Bf6 23. Rd7 Rxd7 24. Rxd7 Qc8 25. Qf5 Bxe5 26. Qf7+ Kh8
27. b3 Qf8 28. Qd5 Bd4 29. Rf7 Qg8 30. Qf5 Bf6 31. Qh5 g6 32. Qd5 Rf8 33. Rd7
Qxd5 34. Rxd5 Bd4 35. Kg2 Rxf2+ 36. Kh3 Rxa2 37. Rd8+ Kg7 38. Re8 Ra3 39. Re7+
Kh6 40. Kg4 a5 0-1

[Event "Mechanics' Spring TNM; G/2 d5"]
[Site "San Francisco"]
[Date "2018.04.10"]
[Round "4.14"]
[White "Thieme, Steffen"]
[Black "Babayan, Gagik"]
[Result "1-0"]
[WhiteElo "2060"]
[BlackElo "1718"]
[PlyCount "61"]
[EventDate "2018.??.??"]
[Source "ChessBase"]
[SourceDate "2007.09.04"]

1. d4 d5 2. c3 e6 3. Nf3 a5 4. Bf4 Nf6 5. Nbd2 Be7 6. e3 O-O 7. Bd3 b6 8. Ne5
Bb7 9. Qf3 Nbd7 10. Qh3 g6 11. Ndf3 Ne4 12. Bh6 Re8 13. Nxd7 Qxd7 14. Ne5 Qd8
15. f3 Nd6 16. O-O Bg5 17. e4 Bxh6 18. Qxh6 Qf6 19. Rae1 Qg7 20. Qh4 Rad8 21.
exd5 exd5 22. Ng4 Kf8 23. Nf6 Rxe1 24. Nxh7+ Ke8 25. Nf6+ Kf8 26. Rxe1 Bc8 27.
Nh7+ Kg8 28. Qxd8+ Kxh7 29. Qxc7 Bf5 30. Bxf5 Nxf5 31. Qe5 {
amd White went on win. Remaining moves are unavailable.} 1-0

[Event "Mechanics' Spring TNM; G/2 d5"]
[Site "San Francisco"]
[Date "2018.04.17"]
[Round "5.10"]
[White "Thieme, Steffen"]
[Black "Krasnov, Steven"]
[Result "1-0"]
[WhiteElo "2060"]
[BlackElo "1908"]
[PlyCount "43"]
[EventDate "2018.??.??"]
[Source "ChessBase"]
[SourceDate "2007.09.04"]

1. d4 Nf6 2. Bf4 d6 3. Nf3 g6 4. e3 Bg7 5. Bd3 O-O 6. Nbd2 Nbd7 7. h4 Re8 8. h5
e5 9. dxe5 dxe5 10. Bg5 Nc5 11. Bc4 Bg4 12. hxg6 hxg6 13. Rh4 Qd7 14. e4 Ncxe4
15. Nxe4 Nxe4 16. Qxd7 Bxd7 17. Rxe4 Bf5 18. Re3 Bxc2 19. Rc1 Ba4 20. Nh4 Kf8 {
Diagram #} 21. Nxg6+ Kg8 (21... fxg6 $2 22. Rf3+ Bf6 23. Rxf6+) 22. Rf3 1-0

[Event "Mechanics' Summer TNM; G/2 d5"]
[Site "San Francisco"]
[Date "2018.07.03"]
[Round "6.8"]
[White "Thieme, Steffen"]
[Black "Smith III, Robert"]
[Result "1-0"]
[WhiteElo "2085"]
[BlackElo "1820"]
[PlyCount "77"]
[EventDate "2018.??.??"]
[Source "ChessBase"]
[SourceDate "2007.09.04"]

1. e4 c6 2. d4 d5 3. Nc3 dxe4 4. Nxe4 Nf6 5. Nxf6+ gxf6 6. g3 Bf5 7. Bg2 Qc7 8.
d5 $6 {must be early: development!} e6 9. Bf4 e5 10. Be3 cxd5 11. c3 Nc6 12.
Qxd5 Rd8 13. Qf3 Qd7 14. Rd1 Qxd1+ 15. Qxd1 Rxd1+ 16. Kxd1 Bd7 17. Ne2 Bd6 18.
Kc1 Ke7 19. Rd1 b6 20. Bd5 Nd8 21. c4 Ne6 22. Nc3 Bc5 23. Bg2 Bxe3+ 24. fxe3
Nc7 25. Kc2 h5 26. Nd5+ Nxd5 27. Bxd5 Bg4 28. Rd2 h4 29. gxh4 Rxh4 30. b4 Be6
31. Bxe6 fxe6 32. Kb3 Rh3 33. Re2 Kd6 34. Ka4 Kc6 35. a3 e4 36. Kb3 f5 37. Kc3
f4 38. Kd4 f3 39. Rf2 {A couple moves later Black lost on time} 1-0

[Event "Mechanics' Summer TNM; G/2 d/5"]
[Site "San Francisco"]
[Date "2018.06.19"]
[Round "4.11"]
[White "Thieme, Steffen"]
[Black "Yanofsky, Kevin"]
[Result "1-0"]
[WhiteElo "2085"]
[BlackElo "1859"]
[Annotator "Thieme,Steffen"]
[PlyCount "75"]
[EventDate "2018.??.??"]
[Source "ChessBase"]
[SourceDate "2007.09.04"]

1. e4 c5 2. Nf3 g6 3. d4 cxd4 4. Nxd4 ({less common move orders include} 4.
Qxd4 Nf6 5. e5 Nc6 6. Qa4 Nd5 7. Qe4 Ndb4 8. Bb5 Qa5 9. Nc3 Bg7 10. O-O O-O {
which can start a wild battle for example} 11. a3 d5 12. exd6 Bf5 13. Qc4 Nxc2
14. Nd5 e6 15. Ne7+ Nxe7 16. dxe7 Rfc8 17. Bd2 Qb6 18. e8=Q+ Rxe8 19. Bxe8 Rxe8
20. Rac1 Qxb2 21. g4 Nxa3 22. Qc8 Qb5 23. gxf5 Bb2 24. Bh6 Bg7 25. Be3 Bb2 26.
fxe6 Rxc8 27. Rxc8+ Kg7 28. e7 Qd7 29. e8=N+ Kh8 30. Nd6+ Kg7 31. Ne8+ Kh8 32.
Rfc1 {
0-1 (32) Morozevich,A (2758)-Petursson,M (2535) Reykjavik 1999 (still drawn!)})
4... Bg7 5. Nb3 $6 Nc6 6. c3 $2 (6. Be2) 6... Nf6 7. Qe2 O-O 8. g3 $6 d5 9. e5
Ne8 (9... Ng4 10. f4 f6 $17 {(Thieme)} 11. h3 Nh6 12. e6 Nf5 13. Rg1 Qb6 14.
Rg2 {(Winslow)}) 10. Bf4 f6 11. exf6 Nxf6 12. Bg2 e5 13. Bg5 Qd6 14. Na3 a6 15.
Rd1 {White equalized again} Bg4 16. f3 (16. Rxd5 Nxd5 17. Qxg4 Nf6 $13) 16...
Be6 17. O-O Rae8 18. Nc4 Qc7 19. Ncd2 Nh5 20. Qf2 e4 21. Be3 Ne5 22. Bb6 $15
Qd7 (22... Qb8) 23. Nxe4 $14 Bh3 24. Bxh3 Qxh3 (24... Nxf3+ 25. Qxf3 $18) 25.
Ng5 Qf5 26. f4 Nc4 (26... h6 27. Nf3 Nc4) 27. Bc5 Rf6 (27... h6) 28. Rfe1 Rc8
29. Bd4 (29. Qg2) 29... Rff8 30. Re7 Bh6 31. Ne6 $2 $138 (31. Qe2) 31... Qg4
$138 {4'} 32. Re1 {3'} Nd6 (32... Nxf4 33. Nxf4 Rxf4 $13) 33. Nxf8 Rxf8 34. Qe2
Qh3 35. Qg2 (35. Qe5) 35... Qf5 36. R7e5 Nxf4 37. Rxf5 Nxg2 38. Rxf8+ 1-0

[Event "Mechanics' Winter TNM; G/2 d5"]
[Site "San Francisco"]
[Date "2018.02.06"]
[Round "5.7"]
[White "Thornally, Frank"]
[Black "Anderson, Michael"]
[Result "1-0"]
[WhiteElo "2200"]
[BlackElo "1900"]
[Annotator "Donaldson"]
[PlyCount "67"]
[EventDate "2018.??.??"]
[Source "ChessBase"]
[SourceDate "2007.09.04"]

1. Nf3 f5 2. d3 d5 3. c4 e6 4. g3 Nf6 5. Bg2 Be7 6. O-O O-O 7. Nc3 c6 8. cxd5 (
8. e4) 8... exd5 9. Qb3 Kh8 (9... Qb6) (9... Nbd7) (9... Na6) 10. e4 d4 11. Ne2
fxe4 12. Ne5 exd3 13. Nf4 Qe8 $2 (13... Nbd7 14. Ne6 Qb6 15. Nxd7 Bxd7 16. Nxf8
Rxf8 17. Qxd3 $14) 14. Re1 Na6 $2 {Diagram [#]} (14... Ng8) 15. Neg6+ $1 hxg6
16. Rxe7 Qd8 17. Nxg6+ Kh7 18. Nxf8+ Qxf8 19. Qxd3+ Kg8 20. Qc4+ Kh8 21. Re1
Qb4 22. Qxb4 Nxb4 23. Rd1 (23. Re7) 23... Nc2 24. Rb1 Bf5 25. Bf4 Rd8 26. Rbc1
Rd7 27. Rd2 d3 28. Rcd1 Nd4 29. Be3 Ne4 30. Bxe4 Bxe4 31. Bxd4 Rxd4 32. f3 Bh7
33. Re1 Kg8 34. Re7 {Black's flag fell in a losing position.} 1-0

[Event "Mechanics' Winter TNM; G/2 d5"]
[Site "San Francisco"]
[Date "2018.01.09"]
[Round "1.7"]
[White "Thornally, Frank"]
[Black "Chen, Bryant Alan"]
[Result "1-0"]
[WhiteElo "2200"]
[BlackElo "1523"]
[PlyCount "61"]
[EventDate "2018.??.??"]
[Source "ChessBase"]
[SourceDate "2007.09.04"]

1. Nf3 Nf6 2. c4 e6 3. g3 Nc6 4. Bg2 d5 5. b3 Be7 6. O-O O-O 7. Bb2 d4 8. Na3
Bc5 9. d3 e5 10. Nc2 Re8 11. Nd2 Qd6 12. a3 a5 13. Rb1 Ba7 14. b4 axb4 15. axb4
Nxb4 16. Nxb4 Qxb4 17. Bxd4 Qxb1 18. Qxb1 Bxd4 19. Nb3 Ba7 20. Qc2 c6 21. Rb1
Bf5 22. c5 Bb8 23. Nd2 Ra7 24. Rb4 Bc7 25. Qb2 Ba5 26. Rc4 Nd5 27. e4 Bxd2 28.
Qxd2 Nb4 29. exf5 Ra2 30. Qxb4 Rea8 31. Qxb7 1-0

[Event "Mechanics' Winter TNM; G/2 d5"]
[Site "San Francisco"]
[Date "2018.01.23"]
[Round "3.7"]
[White "Thornally, Frank"]
[Black "Cortinas, Martin A"]
[Result "1-0"]
[WhiteElo "2200"]
[BlackElo "1670"]
[PlyCount "65"]
[EventDate "2018.??.??"]
[Source "ChessBase"]
[SourceDate "2007.09.04"]

1. Nf3 f5 2. d3 Nf6 3. e4 fxe4 4. dxe4 Nxe4 5. Bd3 d5 6. Bxe4 dxe4 7. Qxd8+
Kxd8 8. Ng5 Rg8 9. Nxh7 Bf5 10. Nxf8 Rxf8 11. Nc3 Nc6 12. Be3 a6 13. O-O-O+ Ke8
14. Rhe1 b6 15. h3 Rc8 16. Rd2 Rd8 17. Rxd8+ Kxd8 18. Bg5 Kd7 19. Bh4 e6 20.
Nxe4 Rh8 21. Bg3 Nb4 22. a3 Nd5 23. Ng5 c5 24. Be5 Rh5 25. f4 Rh6 26. g4 Bh7
27. Bxg7 Rg6 28. Be5 Bg8 29. h4 Nf6 30. h5 Rh6 31. Bxf6 Rxf6 32. Re4 Kd6 33. c4
1-0

[Event "Mechanics' Summer TNM; G/2 d/5"]
[Site "San Francisco"]
[Date "2018.06.17"]
[Round "8.32"]
[White "Tobiason, Wolfgang"]
[Black "Karp, Richard"]
[Result "1/2-1/2"]
[WhiteElo "1280"]
[BlackElo "1761"]
[Annotator "Winslow,Elliott"]
[PlyCount "63"]
[EventDate "2018.??.??"]
[Source "ChessBase"]
[SourceDate "2007.09.04"]

1. e4 c5 2. Nf3 Nc6 3. d4 cxd4 4. Nxd4 g6 5. Nc3 Bg7 6. Nxc6 (6. Be3) 6... bxc6
7. Be3 d6 8. Bc4 Nf6 9. f3 O-O 10. O-O Qa5 11. Ne2 d5 12. exd5 cxd5 13. Bb3 Ba6
14. Re1 e5 15. c3 Rac8 16. Qd2 Bc4 17. Bxc4 Rxc4 18. Ng3 Rd8 19. Qf2 d4 20.
cxd4 exd4 21. Bd2 {[#]} Qc7 $6 (21... Qa6 {
is, somewhat cryptically, considered -+ by Stockfish. It's the attack on a2.})
22. Rac1 $1 Rc2 23. Rxc2 $6 (23. Bf4 $1 Qxf4 24. Qxc2 d3 25. Qc4 Qxc4 26. Rxc4
Nd5 $1 $11 {keeps White unable to cash in with the extra rook for bishop. 0.00}
) 23... Qxc2 24. Ba5 $6 (24. Bg5) 24... Qxf2+ 25. Kxf2 Rc8 26. Re2 $2 (26. Ke2
Rc2+ 27. Kd3 Rxb2 28. Re2 {drops a pawn for now but should be okay}) 26... d3
$2 (26... Nd5 $19 {has Black taking over, with ...f5, king up, ...Bh6}) 27. Rd2
Rc2 28. Ke1 Rc5 $6 (28... Rc1+ 29. Kf2 Rc2) 29. Bc3 Rd5 (29... Nd5 30. Ne4 Rb5
31. Bxg7 Kxg7 32. Nd6 Rb6 33. Nc4 Ra6 34. a3) 30. Kf2 (30. Nh1 $1 $16 {
goes after the d3 pawn with the knight!}) 30... Bh6 $1 {
since the rook isn't guarded} 31. Rd1 Bg7 $6 (31... Nd7) 32. Ne4 $6 (32. Nf1 {
still creates real problems for Black}) 1/2-1/2

[Event "Mechanics' Summer TNM; G/2 d/5"]
[Site "San Francisco"]
[Date "2018.06.26"]
[Round "5.30"]
[White "Tobiason, Wolfgang"]
[Black "Matz, James I"]
[Result "0-1"]
[WhiteElo "1280"]
[BlackElo "1742"]
[PlyCount "25"]
[EventDate "2018.??.??"]
[Source "ChessBase"]
[SourceDate "2007.09.04"]

1. e4 e5 2. Nf3 Nc6 3. d4 exd4 4. Nxd4 g6 5. Nc3 Bg7 6. Be3 d6 7. Bc4 Nf6 8. f3
O-O 9. Qd2 Ne5 10. Bb3 Re8 11. O-O-O Bd7 12. Bh6 Bh8 13. Rhe1 {
Black later won. Remaining moves unavailable.} 0-1

[Event "Mechanics' Summer TNM; G/2 d/5"]
[Site "San Francisco"]
[Date "2018.06.12"]
[Round "3.28"]
[White "Tobiason, Wolfgang"]
[Black "Mays, Jerry L"]
[Result "1/2-1/2"]
[WhiteElo "1280"]
[BlackElo "1700"]
[PlyCount "57"]
[EventDate "2018.??.??"]
[Source "ChessBase"]
[SourceDate "2007.09.04"]

1. e4 e5 2. Nf3 Nc6 3. Bb5 a6 4. Ba4 Nf6 5. d3 Bc5 6. Be3 Bxe3 7. fxe3 d6 8. h3
h6 9. O-O O-O 10. Nbd2 Rb8 11. Bb3 Na5 12. c3 Nxb3 13. Nxb3 Be6 14. Qc2 c5 15.
d4 Qb6 16. Rfe1 cxd4 17. exd4 Bxb3 18. Qxb3 Qxb3 19. axb3 exd4 20. cxd4 Rfe8
21. Nd2 Rbc8 22. Kf2 Rc2 23. Ke3 Nd5+ 24. Kd3 Nb4+ 25. Ke3 Rxb2 26. Rac1 f5 27.
Red1 f4+ 28. Kf3 g5 29. Rb1 {
Both scoresheets end here with a draw marked down. Black is winning.} 1/2-1/2

[Event "Mechanics' Summer TNM; G/2 d/5"]
[Site "San Francisco"]
[Date "2018.05.29"]
[Round "1.29"]
[White "Tobiason, Wolfgang"]
[Black "Ochoa, Jason"]
[Result "0-1"]
[WhiteElo "1280"]
[BlackElo "1773"]
[PlyCount "71"]
[EventDate "2018.??.??"]
[Source "ChessBase"]
[SourceDate "2007.09.04"]

1. e4 c5 2. Nf3 g6 3. d4 Bg7 4. Nc3 cxd4 5. Nxd4 Nc6 6. Nxc6 bxc6 7. Bc4 d6 8.
O-O Bd7 9. f4 Nh6 10. Be3 O-O 11. h3 Qc8 12. Be2 Rb8 13. Rb1 f5 14. Bd4 fxe4
15. Nxe4 Nf5 16. Bxg7 Kxg7 17. g4 Nh6 18. Qd4+ Kg8 19. b3 Qb7 20. Rbd1 Qb6 21.
Kh2 Qxd4 22. Rxd4 Nf7 23. c4 Nd8 24. Rd3 Ne6 25. f5 Ng7 26. f6 Ne6 27. fxe7
Rxf1 28. Bxf1 d5 29. Nf6+ Kf7 30. Nxd7 Rb7 31. Ne5+ Kxe7 32. Rd2 Kd6 33. Nf3
Rf7 34. Kg2 Nc5 35. cxd5 cxd5 36. Bc4 {White appears to have lost on time.} 0-1

[Event "Mechanics' Summer TNM; G/2 d5"]
[Site "San Francisco"]
[Date "2018.06.05"]
[Round "2.21"]
[White "Touset, Stephen"]
[Black "Askin, Michael"]
[Result "0-1"]
[WhiteElo "1587"]
[BlackElo "1982"]
[PlyCount "70"]
[EventDate "2018.??.??"]
[Source "ChessBase"]
[SourceDate "2007.09.04"]

1. d4 d5 2. Bf4 Nf6 3. e3 c5 4. Nd2 Nc6 5. c3 Bf5 6. Ngf3 Qb6 7. Nh4 Bg4 8. Qb3
h6 9. h3 Bc8 10. Nhf3 Qxb3 11. axb3 cxd4 12. exd4 Bf5 13. Ne5 Nxe5 14. Bxe5 e6
15. Bb5+ Nd7 16. c4 f6 17. Bg3 a6 18. c5 Rc8 19. Bxd7+ Kxd7 20. f4 g5 21. O-O
Rg8 22. Kh2 Bg7 23. b4 Kc6 24. Be1 Rcf8 25. Nb3 Rf7 26. Na5+ Kb5 27. Bd2 Re7
28. Rfe1 Be4 29. Ra3 f5 30. fxg5 Bxd4 31. Rxe4 fxe4 32. gxh6 Bxb2 33. Re3 Be5+
34. g3 Rg6 35. Ra3 d4 0-1

[Event "Mechanics' Spring TNM; G/2 d5"]
[Site "San Francisco"]
[Date "2018.05.08"]
[Round "8.21"]
[White "Touset, Stephen"]
[Black "Cortinas, Martin A"]
[Result "1-0"]
[WhiteElo "1574"]
[BlackElo "1692"]
[PlyCount "35"]
[EventDate "2018.??.??"]
[Source "ChessBase"]
[SourceDate "2007.09.04"]

1. d4 f5 2. Bf4 Nf6 3. e3 g6 4. Nd2 Bg7 5. Ngf3 d6 6. Bc4 e6 7. h3 Nc6 8. Ng5
Qe7 9. c3 h6 10. Ngf3 O-O 11. g4 fxg4 (11... d5) 12. hxg4 Nxg4 13. Qe2 Kh8 $2 {
Diagram [#]} (13... d5) 14. Nh4 $1 Rf6 15. Qxg4 e5 16. Nxg6+ Rxg6 17. Qxg6 exf4
18. Rxh6+ 1-0

[Event "Mechanics' Spring TNM; G/2 d5"]
[Site "San Francisco"]
[Date "2018.05.01"]
[Round "7.36"]
[White "Touset, Stephen"]
[Black "Morgan, Jerry D"]
[Result "1-0"]
[WhiteElo "1574"]
[BlackElo "1586"]
[PlyCount "71"]
[EventDate "2018.??.??"]
[Source "ChessBase"]
[SourceDate "2007.09.04"]

1. d4 d5 2. Bf4 c6 3. e3 Qb6 4. b3 Nf6 5. Bd3 Bg4 6. Nf3 e6 7. Nbd2 Bb4 8. h3
Bxd2+ 9. Qxd2 Bxf3 10. gxf3 c5 11. dxc5 Qxc5 12. Rg1 Nh5 13. Be5 f6 14. Bd4 Qa3
15. Qc3 Nc6 16. Bc5 Qa5 17. Qxa5 Nxa5 18. Bb4 Nc6 19. Ba3 Kf7 20. c4 d4 21. Bb2
e5 22. Ke2 Rad8 23. a3 g6 24. Rad1 a5 25. Be4 Rhe8 26. Bd5+ Kf8 27. Bc1 f5 28.
Rg5 Nf6 29. e4 f4 30. Rdg1 Rd6 31. Bd2 Kg7 32. h4 Kh6 33. Bxc6 d3+ 34. Kd1 bxc6
35. Rxe5 Red8 36. Bxf4+ 1-0

[Event "Mechanics' Winter TNM; G/2 d5"]
[Site "San Francisco"]
[Date "2018.02.13"]
[Round "6.40"]
[White "Touset, Stephen Ka"]
[Black "Badgett, James"]
[Result "1/2-1/2"]
[WhiteElo "1574"]
[BlackElo "1012"]
[Annotator "Donaldson"]
[PlyCount "58"]
[EventDate "2018.??.??"]
[Source "ChessBase"]
[SourceDate "2007.09.04"]

1. d4 g6 2. Bf4 Bg7 3. e3 b6 4. Nd2 Bb7 5. Ngf3 Nf6 6. Bd3 c5 7. c3 d6 8. h4
Nh5 9. Bg5 O-O 10. g4 Nf6 11. Bxf6 exf6 12. h5 Qd7 13. Rg1 b5 14. hxg6 fxg6 15.
Qe2 a6 16. Nh4 c4 17. Bc2 Kf7 18. O-O-O Nc6 19. d5 Ne7 20. e4 Bh6 21. Rdf1 Rae8
22. f4 Nxd5 23. Qh2 Ne3 24. g5 Nxf1 25. Rxf1 f5 $2 (25... Bg7 $17) 26. exf5 Bg7
27. f6 Bxf6 28. gxf6 Kxf6 29. f5 Kg7 {
After 30.Rg1 White would have every chance to win.} 1/2-1/2

[Event "Mechanics' Winter TNM; G/2 d5"]
[Site "San Francisco"]
[Date "2018.01.16"]
[Round "2.35"]
[White "Touset, Stephen Ka"]
[Black "Isenberger, Stefan"]
[Result "0-1"]
[WhiteElo "1574"]
[BlackElo "1272"]
[PlyCount "78"]
[EventDate "2018.??.??"]
[Source "ChessBase"]
[SourceDate "2007.09.04"]

1. d4 d5 2. Bf4 Bf5 3. e3 Nf6 4. Nd2 e6 5. Ngf3 c5 6. c3 Nc6 7. Qb3 Rb8 8. Bxb8
Qxb8 9. Bb5 Qc7 10. Ne5 Bd6 11. Ndf3 O-O 12. Nxc6 bxc6 13. Be2 Rb8 14. Qd1 Rxb2
15. h3 cxd4 16. Nxd4 c5 17. Nxf5 exf5 18. O-O Ne4 19. Bf3 Bh2+ 20. Kh1 Nxf2+
21. Rxf2 Rxf2 22. Qxd5 g6 23. Rb1 Rc2 24. Qd1 Rxc3 25. Rb7 Qe5 26. Qd7 Rc1+ 27.
Bd1 Rxd1+ 28. Qxd1 Qd6 29. Qb3 Kh8 30. Qxf7 Qd1+ 31. Kxh2 Qd6+ 32. Kg1 Qd1+ 33.
Kf2 Qd2+ 34. Kf3 Qd1+ 35. Kf4 Qd6+ 36. Kg5 Qg3+ 37. Kf6 Qh4+ 38. Ke6 Qe4+ 39.
Kd7 $4 Qxb7+ 0-1

[Event "Mechanics' Bedjanian TNM; G/2 d/5"]
[Site "San Francisco"]
[Date "2018.10.23"]
[Round "1.11"]
[White "Tracy, Joseph J"]
[Black "Morgan, Jerry"]
[Result "0-1"]
[WhiteElo "2071"]
[BlackElo "1481"]
[PlyCount "80"]
[EventDate "2018.??.??"]
[Source "ChessBase"]
[SourceDate "2007.09.04"]

1. d4 d5 2. Nf3 Nf6 3. c4 c6 4. Nc3 dxc4 5. a4 Bf5 6. Ne5 Nbd7 7. Nxc4 Nb6 8.
Ne5 a5 9. f3 g6 10. e4 Be6 11. Be3 Bg7 12. Qd2 O-O 13. h4 Nh5 14. g4 Ng3 15.
Rg1 Bxe5 16. dxe5 Nxf1 17. Kxf1 Nc4 18. Qxd8 Nxe3+ {Diagram [#]} 19. Kf2 $4 (
19. Ke2) 19... Nxg4+ $1 20. Rxg4 Rfxd8 21. Rgg1 Rd2+ 22. Ke3 Rxb2 23. h5 Kg7
24. hxg6 hxg6 25. Rab1 Rb4 26. Rgd1 Rb8 27. Ne2 Rxa4 28. Nd4 Ra3+ 29. Kf4 Rc3
30. Rb2 a4 31. Rg1 Bb3 32. e6 a3 33. Nf5+ Kf6 34. exf7 Bxf7 35. e5+ Ke6 36.
Ng7+ Kd7 37. e6+ Bxe6 38. Rd2+ Bd5 39. Rxg6 Rxf3+ 40. Ke5 Re3+ 0-1

[Event "Mechanics' Summer TNM; G/2 d/5"]
[Site "San Francisco"]
[Date "2018.06.12"]
[Round "3.9"]
[White "Tracy, Joseph J"]
[Black "Thieme, Steffen"]
[Result "0-1"]
[WhiteElo "2112"]
[BlackElo "2085"]
[PlyCount "66"]
[EventDate "2018.??.??"]
[Source "ChessBase"]
[SourceDate "2007.09.04"]

1. Nf3 d5 2. g3 Nf6 3. Bg2 c6 4. d3 Bg4 5. Nbd2 Nbd7 6. O-O e6 7. e4 Be7 8. Qe1
dxe4 9. dxe4 O-O 10. e5 Nd5 11. a3 Qa5 12. Nc4 Qa6 13. b3 Bf5 14. Nd4 Bg6 15.
Be4 Bb4 16. Bd2 Bxd2 17. Nxd2 Rad8 18. Bxg6 hxg6 19. Nc4 c5 20. Nf3 b5 21. Ncd2
Qc6 22. c4 bxc4 23. Nxc4 N7b6 24. Rc1 Nf4 25. gxf4 Qxf3 26. Qe3 Rd3 27. Qxf3 (
27. Qxc5 Rxb3 28. Nd2) 27... Rxf3 28. Nd2 Rd3 29. Ne4 Rxb3 30. Rxc5 Rxa3 31.
Rc7 Nd5 32. Rd7 Nxf4 33. Rb1 Ra5 0-1